Earth materials : (Record no. 7216)

MARC details
000 -LEADER
fixed length control field 04554cam a2200385 i 4500
001 - CONTROL NUMBER
control field 19374672
003 - CONTROL NUMBER IDENTIFIER
control field OSt
005 - DATE AND TIME OF LATEST TRANSACTION
control field 20210928153030.0
008 - FIXED-LENGTH DATA ELEMENTS--GENERAL INFORMATION
fixed length control field 161115s2017 nyua b 001 0 eng
010 ## - LIBRARY OF CONGRESS CONTROL NUMBER
LC control number 2016042172
020 ## - INTERNATIONAL STANDARD BOOK NUMBER
International Standard Book Number 9781107155404 (hardback)
020 ## - INTERNATIONAL STANDARD BOOK NUMBER
International Standard Book Number 9781316608852 (paperback)
040 ## - CATALOGING SOURCE
Original cataloging agency DDC
Language of cataloging eng
Description conventions rda
Transcribing agency HU
042 ## - AUTHENTICATION CODE
Authentication code pcc
050 00 - LIBRARY OF CONGRESS CALL NUMBER
Classification number QE363.2
Item number .K529 2017
082 00 - DEWEY DECIMAL CLASSIFICATION NUMBER
Classification number 552/KLE
Edition number 23
100 1# - MAIN ENTRY--PERSONAL NAME
Personal name Klein, Cornelis,
Dates associated with a name 1937-
Relator term author.
9 (RLIN) 7697
245 10 - TITLE STATEMENT
Title Earth materials :
Remainder of title introduction to mineralogy and petrology /
Statement of responsibility, etc. Cornelis Klein, University of New Mexico, Emeritus, Anthony R. Philpotts, University of Connecticut, Emeritus.
250 ## - EDITION STATEMENT
Edition statement Second edition.
264 #1 - PRODUCTION, PUBLICATION, DISTRIBUTION, MANUFACTURE, AND COPYRIGHT NOTICE
Place of production, publication, distribution, manufacture Cambridge, United Kingdom ;
-- New York, NY, USA :
Name of producer, publisher, distributor, manufacturer Cambridge University Press,
Date of production, publication, distribution, manufacture, or copyright notice 2017.
300 ## - PHYSICAL DESCRIPTION
Extent xviii, 594 pages :
Other physical details illustrations (chiefly color) ;
Dimensions 28 cm
336 ## - CONTENT TYPE
Content type term text
Content type code txt
Source rdacontent
337 ## - MEDIA TYPE
Media type term unmediated
Media type code n
Source rdamedia
338 ## - CARRIER TYPE
Carrier type term volume
Carrier type code nc
Source rdacarrier
504 ## - BIBLIOGRAPHY, ETC. NOTE
Bibliography, etc. note Includes bibliographical references and index.
505 8# - FORMATTED CONTENTS NOTE
Formatted contents note Machine generated contents note: 1. Introduction; 2. Materials of the solid earth; 3. How are minerals identified?; 4. Fundamentals of crystal structures; 5. Introduction to crystallography; 6. Minerals and rocks observed under the polarizing optical microscope; 7. Igneous rock-forming minerals; 8. The direction and rate of natural processes: an introduction to thermodynamics and kinetics; 9. How do igneous rocks form?; 10. Igneous rocks: their mode of occurrence, classification, and plate tectonic setting; 11. Sedimentary rock-forming minerals and materials; 12. Formation, transport, and lithification of sediment; 13. Sedimentary rock classification, occurrence, and plate tectonic significance; 14. Metamorphic rock-forming minerals; 15. Metamorphic rocks; 16. Some economic minerals, mainly from veins and pegmatites; 17. Some selected earth materials resources; 18. Earth materials and human health.
520 ## - SUMMARY, ETC.
Summary, etc. "This concise, accessible, market-leading textbook brings together the wide-ranging fundamentals students need to understand rocks and minerals, and shows them how they relate to the broader Earth, materials and environmental sciences. Designed specifically for one-semester courses, it is beautifully illustrated to explain the key concepts in mineralogy and petrology. This edition has been fully updated based on classroom experience, and new features include a completely new chapter providing an elementary introduction to thermodynamics, kinetics, radioactive decay and absolute dating; new mineral descriptions and many new stunning color photographs; and a new section on hydraulic fracturing and discussion of some of its most serious potential environmental consequences. The book uses stunning photos of mineral specimens and rock thin sections to help students build a core understanding. It also creates a highly effective learning experience through close integration of clear illustrations with engaging text, and helps students to easily visualize crystal structures through the CrystalViewer's 3D software, available online"--
Assigning source Provided by publisher.
520 ## - SUMMARY, ETC.
Summary, etc. "This concise, accessible, market-leading textbook brings together the wide-ranging fundamentals students need to understand rocks and minerals, and shows them how they relate to the broader Earth, materials and environmental sciences. Designed specifically for one-semester courses, it is beautifully illustrated in full colour to explain the key concepts in mineralogy and petrology. This revision has been fully updated based on classroom experience. Including a completely new chapter providing an elementary introduction to thermodynamics, kinetics, radioactive decay and absolute dating, this new edition also features new mineral descriptions and many new stunning color photographs. A new section on hydraulic fracturing and discussion of some of its most serious potential environmental consequences has also been added. Stunning photos of mineral specimens and rock thin sections help students build a core understanding, whilst close intergration of clear illustrations with engaging text create a highly effective learning experience"--
Assigning source Provided by publisher.
650 #0 - SUBJECT ADDED ENTRY--TOPICAL TERM
Topical term or geographic name entry element Mineralogy
Form subdivision Textbooks.
9 (RLIN) 7698
650 #0 - SUBJECT ADDED ENTRY--TOPICAL TERM
Topical term or geographic name entry element Petrology
Form subdivision Textbooks.
9 (RLIN) 7699
700 1# - ADDED ENTRY--PERSONAL NAME
Personal name Philpotts, Anthony R.
Fuller form of name (Anthony Robert),
Dates associated with a name 1938-
Relator term author.
9 (RLIN) 7700
906 ## - LOCAL DATA ELEMENT F, LDF (RLIN)
a 7
b cbc
c orignew
d 1
e ecip
f 20
g y-gencatlg
942 ## - ADDED ENTRY ELEMENTS (KOHA)
Source of classification or shelving scheme Dewey Decimal Classification
Koha item type Books like text book referance book
Suppress in OPAC No
Holdings
Withdrawn status Lost status Source of classification or shelving scheme Damaged status Not for loan Home library Current library Shelving location Date acquired Total Checkouts Full call number Barcode Date last seen Copy number Price effective from Koha item type
    Dewey Decimal Classification     Natural & Computational Science Library Natural & Computational Science Library General Stacks 09/28/2021   552/KLE NSCLIB000013820 09/28/2021 1 09/28/2021 Books like text book referance book
    Dewey Decimal Classification     Natural & Computational Science Library Natural & Computational Science Library General Stacks 09/28/2021   552/KLE NSCLIB00013724 09/28/2021 3 09/28/2021 Books like text book referance book